Yrttien kansanomaiset nimet - Statistics

Yleistilastot
  • Tätä visaa on pelattu 30 kertaa
  • Keskiarvotulos 4 / 18
Vastaustilastot
Hint Vastaus % Oikein
kynsilaukka Valkosipuli
88%
ruoholaukka Ruohosipuli
76%
tarha-ajuruoho Timjami
52%
keittovihreä Persilja
44%
mäkimeirami Oregano
36%
maruna, dragonia Rakuuna
32%
köyhän miehen sahrami Kurkuma
28%
lipstikka Liperi
24%
roomankumina Juustokumina
12%
valeriaana Rohtovirmajuuri
12%
mali Koiruoho
8%
maruna Pujo
8%
sydämenvahvistusyrtti Sitruunamelissa
8%
saksankataja Aaprottimaruna
0%
saksankumina Fenkoli
0%
köyhänmiehenmauste, pippuriyrtti, papuyrtti Kynteli
0%
kurkkuyrtti Purasruoho
0%
peltominttu Rantaminttu
0%
Ehtoja vastaavia visoja ei löytynyt
Tulosjakauma
Jokaisen tuloksen saaneiden osuus
Persentiili vastausten määrän mukaan
Tuloshistoriasi
Et ole pelannut tätä visaa